000 00212nam a2200097Ia 4500
008 190216s9999||||xx |||||||||||||| ||und||
100 _aMoodie Falkner J
245 0 _aMoon Fleet
260 _bLongmans
942 _cBK
999 _c11727
_d11727